000 00676nam a2200241Ia 4500
005 20250508163616.0
008 008 250505s9999 xx 000 0 eng d
020 _a0-13-181314-5
037 _aReference
040 _aFEDL
_beng
_cFEDL
041 _aeng
_2eng
084 _a158.3, GEO
_qFEDL
100 _aGeorge Rickey L
245 0 _aCounseling theory and practice
250 _a3
260 _aNew Jersey, USA
_bPrentice-Hall
_c1990
300 _axvi,288p.
365 _aUSD
_b51.95
650 _aCounseling; Psychotherapy; Counseling
_9775740
700 _a Cristiani Therese S
_9775741
942 _cREF
_h158.3, GEO
999 _c1384336
_d1384336